| 000 | | | 04065nmc2a2200000 x 450 |
| 001 | | | 5f7d534e-4149-4250-bb54-4d7535c74728 |
| 005 | | | 20151231094552.0 |
| 100 | ## | $a | 20150403l18431843k l0rusy0189 ca |
| 101 | 0# | $a | rus |
| 102 | ## | $a | RU |
| 200 | 1# | $a | Дело о приеме в пансион при гимназии Ришельевского лицея сына отставного генерал-майора Радича Александра, и об определениии его на военную службу в связи с неуспеваемостью |
| | $j | 19 марта - 12 октября 1843 г. |
| 251 | ## | $c | Дело |
| 300 | ## | $a | Дело |
| 300 | ## | $a | Ориг. заголовок дела: Дело об определении сына отставного генерал-майора Александра Радича в Ришельевскоий лицей. 19 марта 1843 г. - 12 октября 1843 г |
| 801 | #0 | $a | RU |
| | $b | РГИА |
| | $c | 20150403 |
| | $g | RCR |
| 801 | #1 | $a | RU |
| | $b | ГлавНИВЦ |
| | $c | 20150403 |
| | $2 | rusmarc |
| 801 | #2 | $a | RU |
| | $b | ПБ им. Б.Н. Ельцина |
| | $c | 20151231 |
| | $g | RCR |
| | $2 | rusmarc |
| 850 | ## | $a | РГИА |
| 852 | ## | $a | РГИА |
| | $e | Федеральное казенное учреждение "Российский государственный исторический архив" (РГИА) |
| | $j | 435 |
| 937 | ## | $h | РГИА |
| | $d | 11184823 |
| | $a | ASBIBLIO_SCAN |
| 462 | #0 | $1 | 00165017f8a-b75a-4d3a-8a61-4c89707b4ecc |
| | $1 | 2001 |
| | $a | Дела Департамента народного просвещения по Одесскому учебному округу |
| | $1 | 251 |
| | $c | Опись |
| | $1 | 852 |
| | $j | 78 |
| 461 | #0 | $1 | 001a74412a3-3cc5-4d21-8f0a-dfe2fbd9e72d |
| | $1 | 2001 |
| | $a | Департамент народного просвещения Министерства народного просвещения |
| | $1 | 251 |
| | $c | Фонд |
| | $1 | 852 |
| | $j | 733 |
| 215 | ## | $a | 44 л. |
| | $d | 36,5х26 см |
| 371 | ## | $a | Документ не является опубликованным и широко распространяемым |
| 105 | ## | $a | у### |
| 122 | 2# | $a | d |
| 517 | 1# | $a | Дело об определении сына отставного генерал-майора Александра Радича в Ришельевскоий лицей. 19 марта 1843 г. - 12 октября 1843 г |
| 035 | ## | $a | 5f7d534e-4149-4250-bb54-4d7535c74728 |